000 00804nam a2200193 i 4500
001 31977
003 ES-MaACL
005 20250726220144.0
007 t|
008 030205s1915 sp ||||1| spa d
110 2 _aReal Conservatorio de Música y Declamación (Madrid)
_96354
245 1 0 _aMemoria del curso de 1914 a 1915, precedida del discurso leído por el Director D. Tomás Bretón y Hernández en la solemne distribución de premios
_b: estados y cuentas.
260 _aMadrid :
_bReal Conservatorio de Música y Declamación,
_c1915 (
_fHijo de Gaisse)
300 _a51 p. ;
_c24 cm.
610 2 4 _aReal Conservatorio de Música y Declamación (Madrid)-
_vMemorias.
_9155956
700 1 _aBretón, Tomás,
_d1850-1923
_931633
852 _aES-MaACL
_j1504-F-9
999 _c31977
_d31977